000 01224nam a22002777a 4500
001 BD-DhSAU 8714
003 BD-DhSAU
005 20181217114925.0
008 150612b2011 bg a|||| m||| 00| 0 eng d
040 _aBD-DhSAU
082 _222
_a595.7
_bSa738
100 _aSarker, Tanveer Ahmed
_eRegistration no. # 05-01605
245 _aEvaluation of some insecticides against okra shoot and fruit borer earias vitterlla FAB. /
_bMS thesis
_cTanveer Ahmed Sarker
260 _aSher-e-Bangla Agricultural Uniersity :
_bDepartment of Entomology,
_c2011.
300 _avi,76 p. :
_bill. ;
_c30 cm.
500 _aMS thesis of Department of Entomology, Faculty of Agriculture, Sher-e-Bangla Agricultural University, Dhaka, Bangladesh
504 _aIncludes bibliographical reference.
590 _aerfat
650 _aEntomology
650 _aEvaluation of some insecticides against okra shoot
650 _aFruit borer earias vitterlla FAB.
700 _aBhuiyan, Md Serajul Islam
_eSuperviser
700 _aAli, Md Razzab
_eCo-superviser
856 _uhttp://archive.saulibrary.edu.bd:8080/xmlui/handle/123456789/1259
942 _2ddc
_cTHESIS
999 _c8714
_d8714